S. Chand's ICSE Mathematics; (Record no. 207149)

MARC details
000 -LEADER
fixed length control field 00696 a2200217 4500
005 - DATE AND TIME OF LATEST TRANSACTION
control field 20241128144655.0
010 ## - LCCN (DPL NO)
LC control number B-761279
020 ## - INTERNATIONAL STANDARD BOOK NUMBER
International Standard Book Number 9789364682718
Terms of availability 635.00
035 ## - SYSTEM CONTROL NUMBER
System control number B-761279
037 ## - SOURCE OF ACQUISITION
Source of stock number/acquisition Gift/28.11.24
082 ## - DEWEY DECIMAL CLASSIFICATION NUMBER
Classification number 510
100 ## - MAIN ENTRY--PERSONAL NAME
Personal name Malhotra, O.P.
245 ## - TITLE STATEMENT
Title S. Chand's ICSE Mathematics;
Remainder of title Asper 2026 Syllabus for Class X Book 2/
Statement of responsibility, etc O.P. Malhotra , S.K. Gupta and Anubhuti Gangal
260 ## - PUBLICATION, DISTRIBUTION, ETC. (IMPRINT)
Place of publication, distribution, etc U.P.
Name of publisher, distributor, etc S. Chand's
Date of publication, distribution, etc 2025
270 ## - ADDRESS
Address U. P.
300 ## - PHYSICAL DESCRIPTION
Extent 405 p.
Dimensions 25cm (Pb)
700 ## - ADDED ENTRY--PERSONAL NAME
Personal name Gupta , S.K.
9 (RLIN) 74251
700 ## - ADDED ENTRY--PERSONAL NAME
Personal name Gangal, Anubhuti
9 (RLIN) 74252
942 ## - ADDED ENTRY ELEMENTS (KOHA)
Institution code [OBSOLETE] dpl
Item type Children Books
Source of classification or shelving scheme Dewey Decimal Classification
Classification part 540
Call number suffix MAL
Holdings
Withdrawn status Lost status Not for loan Collection code Home library Current library Date acquired Source of acquisition Cost, normal purchase price Full call number Barcode Copy number Cost, replacement price Koha item type Public note
      Non-fiction Ashok Vihar Ashok Vihar 28/11/2024 Gift/28.11.24 635.00 540 MAL B-761279 1 635.00 Children Books Gift

© Delhi Public Library
Hit Counter
free hit counter